<?xml version="1.0" encoding="UTF-8"?><?xml-stylesheet type="text/xsl" href="static/style.xsl"?><OAI-PMH xmlns="http://www.openarchives.org/OAI/2.0/" xmlns:xsi="http://www.w3.org/2001/XMLSchema-instance" xsi:schemaLocation="http://www.openarchives.org/OAI/2.0/ http://www.openarchives.org/OAI/2.0/OAI-PMH.xsd"><responseDate>2026-04-27T21:23:41Z</responseDate><request verb="GetRecord" identifier="oai:uvadoc.uva.es:10324/4096" metadataPrefix="marc">https://uvadoc.uva.es/oai/request</request><GetRecord><record><header><identifier>oai:uvadoc.uva.es:10324/4096</identifier><datestamp>2021-06-23T16:54:17Z</datestamp><setSpec>com_10324_30605</setSpec><setSpec>com_10324_894</setSpec><setSpec>col_10324_41</setSpec></header><metadata><record xmlns="http://www.loc.gov/MARC21/slim" xmlns:doc="http://www.lyncode.com/xoai" xmlns:xsi="http://www.w3.org/2001/XMLSchema-instance" xmlns:dcterms="http://purl.org/dc/terms/" xsi:schemaLocation="http://www.loc.gov/MARC21/slim http://www.loc.gov/standards/marcxml/schema/MARC21slim.xsd">
<leader>00925njm 22002777a 4500</leader>
<datafield tag="042" ind1=" " ind2=" ">
<subfield code="a">dc</subfield>
</datafield>
<datafield tag="720" ind1=" " ind2=" ">
<subfield code="a">Zelli, Flavia</subfield>
<subfield code="e">author</subfield>
</datafield>
<datafield tag="260" ind1=" " ind2=" ">
<subfield code="c">2013</subfield>
</datafield>
<datafield tag="520" ind1=" " ind2=" ">
<subfield code="a">El tema principal del estudio reside en las diferentes formas de actuar en el paisaje arqueológico – tanto urbano como extra urbano – para su conservación y puesta en valor, poniendo la mirada en sus aspectos más arquitectónicos. En todas las discusiones disciplinares que abordan la intervención en el paisaje cultural y que entonces entre arqueología y arquitectura se manejan, la ruina tiene una presencia incuestionable, siendo el punto de partida de cada texto o estudio, mientras se deja de un lado el papel del proyecto arquitectónico. En esta investigación, al contrario, ambos elementos constituyen los principales objetos de estudio, que se van analizando en dos partes bien distintas para finalmente llegar a unas conclusiones comunes, considerándose la acción del proyecto un imprescindible momento de síntesis entre el objeto arquitectónico y el objeto arqueológico</subfield>
</datafield>
<datafield tag="024" ind2=" " ind1="8">
<subfield code="a">http://uvadoc.uva.es/handle/10324/4096</subfield>
</datafield>
<datafield tag="024" ind2=" " ind1="8">
<subfield code="a">b1665350</subfield>
</datafield>
<datafield tag="024" ind2=" " ind1="8">
<subfield code="a">10.35376/10324/4096</subfield>
</datafield>
<datafield ind1=" " ind2=" " tag="653">
<subfield code="a">Antigüedades-Conservación y restauración</subfield>
</datafield>
<datafield ind1=" " ind2=" " tag="653">
<subfield code="a">Arquitectura-Conservación y restauración-Proyectos</subfield>
</datafield>
<datafield tag="245" ind1="0" ind2="0">
<subfield code="a">Oltre La Rovina: il progetto contemporaneo in ambito archeologico</subfield>
</datafield>
</record></metadata></record></GetRecord></OAI-PMH>